Bancos públicos = Bancs publics : Versailles rive droite = Park Benches /

Un hombre sentado en una banca de una parque es el centro de esta comedia, tercera película filmada por el francés Bruno Podalydès. Su presencia causa inquietud entre los empleados de una oficina y los clientes de una tienda, quienes lo miran y analizan desde detrás de las ventanas; también es obser...

Descripció completa

Guardat en:
Dades bibliogràfiques
Autor principal: Podalydès, Bruno (realización)
Altres autors: Muller, Florence (actuación) (actuación), Ridan (actuación) (actuación), Podalydès, Denis (actuación) (actuación)
Format: Diapositiva
Idioma:francès
Col·lecció:(IFC Films)
Matèries:
Etiquetes: Afegir etiqueta
Sense etiquetes, Sigues el primer a etiquetar aquest registre!

MARC

LEADER 00000ngm^a2200000^a^4500
001 000378607
005 20250521000000.0
009 20260310120459.042
020 |a 0-7886-1361-8 
025 |a Compra Videodiversión, 1 ejemplar 
037 |a Acervo ITESO - Biblioteca 
041 |a FRA 
082 |a 840.  |b POD 
100 |a Podalydès, Bruno  |e (realización) 
240 1 1 |a [Bancos públicos] 
245 1 0 |a Bancos públicos =  |b Bancs publics : Versailles rive droite = Park Benches /  |c Realización de B. Podalydès. 
246 2 |a Título en la cubierta: Park Benches 
246 2 |a Título en México: no conocido/no identificado 
246 2 |a Título alternativo en español: no conocido/no identificado 
264 2 |a Nueva York, EUA :  |b IFC [distribución] ;  |a Chicago, EUA :  |b MPI Media Group [distribución],  |c 2011, c2011 
300 |a 1 DVD región 1  |c (114 min.) 
336 |a imagen móvil bidimensional  |b tdi  |2 rdacontenido 
337 |a video  |b v  |2 rdamedio 
338 |a videodisco  |b vd  |2 rdasoporte 
440 1 |a (IFC Films) 
520 |a Un hombre sentado en una banca de una parque es el centro de esta comedia, tercera película filmada por el francés Bruno Podalydès. Su presencia causa inquietud entre los empleados de una oficina y los clientes de una tienda, quienes lo miran y analizan desde detrás de las ventanas; también es observado por quienes pasean por el parque. Una particularidad de la cinta es el desfile de conocidos actores franceses en breves intervenciones. 
546 |a En francés, con subtítulos opcionales: español, inglés 
649 |a XX 
650 |a Comedias Cinematográficas 
650 |a Cine Francés -  |y 2000-2009 
650 |a Cine Francés -  |y Siglo XXI 
650 |a Suicidio 
650 |a Soledad 
650 |a Aislamiento Social 
650 |a Vida Cotidiana 
650 |a Versalles, Francia en el Cine 
700 |a Muller, Florence  |e (actuación) 
700 |a Ridan  |e (actuación) 
700 |a Podalydès, Denis  |e (actuación) 
910 |a Fondo General 
920 |a Audiovisuales - DVDs 
940 |a Películas 
905 |a 302 
901 |a 0500272655  |b IT2  |c DVS  |i C151278  |u 20250521 
902 |a https://opac.biblio.iteso.mx/vufind/Record/000378607